লোডিং...

South India under the Cholas

গ্রন্থ-পঞ্জীর বিবরন
প্রধান লেখক: Subbarayalu, Y.
বিন্যাস: Printed Book
প্রকাশিত: New Delhi Oxford 2012
বিষয়গুলি:
LEADER 00536nam a22001697a 4500
020 |a 9780198077350 
082 |a 954.802  |b SUB/S 
100 |a Subbarayalu, Y. 
245 |a South India under the Cholas 
260 |a New Delhi  |b Oxford  |c 2012 
300 |a 274p. 
650 |a Cholas-History 
650 |a South India-History 
650 |a History 
942 |c BK 
999 |c 34238  |d 34238 
952 |0 0  |1 0  |4 0  |6 954_802000000000000_SUBS  |7 0  |8 Stack  |9 36226  |a KUCL  |b KUCL  |c Stack  |d 2015-08-11  |g 675.00  |l 4  |o 954.802 SUB/S  |p 31167  |r 2020-12-03  |s 2020-03-09  |w 2015-08-11  |y BK